| 000 | 00575nam a2200193 a 4500 | ||
|---|---|---|---|
| 001 | 3915 | ||
| 005 | 20140414131846.0 | ||
| 008 | 040601s19uu xx 00 eng d | ||
| 050 |
_aM 220.9 _bM45 1975 |
||
| 100 | _aMaxwell, Arthur S. | ||
| 245 |
_aStruggles and victories : _bVol 6 / _cArthur S. Maxwell. |
||
| 260 |
_aWashington: _bReview and Herald Pub., _c1975. |
||
| 300 | _a190 p. : ill. ; cm. | ||
| 440 | _aBible Story | ||
| 500 | _aReprinted in the Philippines by Phil. Pub. House | ||
| 650 | _aBible stories. | ||
| 650 | _aChristian education. | ||
| 999 |
_c109931 _d109931 |
||